عرض عادي
عرض مارك
- Peroomian, Vahé,
مدخل إسم شخص
001 - رقم الضبط
- حقل الضبط: 56963
003 - معرف رقم الضبط
- حقل الضبط: OSt
005 - تاريخ ووقت أخر عملية
- حقل الضبط: 20161204115827.0
008 - عناصر بيانات ثابتة الطول
- حقل تحكم ثابت الطول: 161204|| aca||aabn | a|a d
040 ## - مصدر الفهرسة
- هيئة الفهرسة الأصلية: OSt
- وكالة الكتابة: OSt
100 ## - مدخل -- أسم شخص
- إسم شخص: Peroomian, Vahé,
- مصطلح الرابط: author.
670 ## - بيانات المصدر موجوده
- الاستشهاد بالمصدر: Work cat.: (OSt)0: Serway, Raymond A., author. 5306, Physics for scientists and engineers :
